000
002810000a22000970004500
100
1
_a
Deiros, Pablo A. (Alberto) (1945-)
245
1
0
_a
Evangelización el las casas
300
_a
Vol. 1, Num 3 (Octubre a Diciembre de 1982), Páginas 30-31
773
0
_t
Iglesia y Misión
942
_c
ANA
999
_c
51305
_d
51305